| 000 | 01037na a2200289 4500 | ||
|---|---|---|---|
| 001 | 16400 | ||
| 003 | MIRAKIL | ||
| 005 | 20181213155220.0 | ||
| 008 | 161005b tu 000 0 | ||
| 035 | _a16400 | ||
| 040 |
_aMilas _btur _cTR-AnCHP |
||
| 041 | _atur | ||
| 082 |
_a324.216 _bS67 1995 |
||
| 090 | _a324.216 S67 1995 | ||
| 245 |
_aSosyal Güvenlik ve çalışma hayatının sorunları _cAnavatan Partisi Sosyal İlişkiler Başkanlığı |
||
| 246 | _aÇalışma hayatının sorunları | ||
| 260 |
_aAnkara _bAnavatan Partisi _c1995 |
||
| 300 |
_a236 s. _c24 sm. |
||
| 490 |
_aAnavatan Partisi Sosyal İlişkiler Başkanlığı _v2 |
||
| 610 |
_aAnavatan Partisi (ANAP) _xSiyaset ve yönetim _ySosyal güvenlik |
||
| 610 |
_aAnavatan Partisi (ANAP) _xSiyasal ve sosyal görüşler |
||
| 610 |
_aANAP _xİşsizlik ve istihdam |
||
| 650 |
_aSosyal güvenlik _xHukuk ve mevzuat _yÖneriler _zTürkiye |
||
| 650 |
_aİş hukuku _zTürkiye |
||
| 657 | _aANAPın sosyal güvenlik çalışma ve önerileri | ||
| 942 |
_2ddc _cBKS |
||
| 999 |
_c8677 _d8677 |
||